|
|
|
|
| LEADER |
00651cam a2200205 7i4500 |
| 001 |
0000027304 |
| 005 |
20090717090000.0 |
| 008 |
090717 eng |
| 020 |
|
|
|a 0415253225 (pbk.)
|
| 020 |
|
|
|a 9780415253222
|
| 020 |
|
|
|a 0415253217
|
| 040 |
|
|
|a DLC
|
| 090 |
0 |
0 |
|a GV706.4
|b .C37 2002
|
| 100 |
1 |
|
|a Cashmore, Ernest
|
| 245 |
1 |
0 |
|a Sport psychology :
|b the key concepts
|c Ellis Cashmore.
|
| 260 |
|
|
|a London:
|b Routledge,
|c 2002.
|
| 300 |
|
|
|a xiii, 304 p.;
|c 23 cm.
|
| 504 |
|
|
|a Includes bibliographical references and index
|
| 650 |
0 |
0 |
|a Sports --
|x Psychological aspects
|
| 999 |
|
|
|a 0000036952
|b BOK
|c OPEN SHELF
|e 1st Floor, Shah Alam
|